Ładuje się......

Bolshevik revolution 1917-1923

Opis bibliograficzny
1. autor: Carr, Edward Hallett
Format: Printed Book
Wydane: London Macmillan 1966
LEADER 00527nam a22001217a 4500
100 |a Carr, Edward Hallett 
245 |a Bolshevik revolution 1917-1923 
260 |a London  |b Macmillan  |c 1966 
300 |a 614p 
942 |c BK 
999 |c 289687  |d 289687 
952 |0 0  |1 0  |4 0  |6 947_000000000000000_CAR_H_2  |7 0  |9 329410  |a HIS  |b HIS  |c ST1  |d 2016-07-28  |h V2  |i 727  |l 0  |o 947 CAR/H.2  |p HIS727  |r 2018-08-23  |w 2018-08-23  |y BK 
952 |0 0  |1 0  |4 0  |6 947_000000000000000_CAR_H_3  |7 0  |9 329411  |a HIS  |b HIS  |c ST1  |d 2015-11-19  |h V3  |i 4586  |l 0  |o 947 CAR/H.3  |p HIS4586  |r 2018-08-23  |w 2018-08-23  |y BK